000 00451cam a2200169ua 4500
041 _aeng
_h
082 _a425
_bFRE/CO
100 _aFrench, F.G .
245 _aCommon Errors in English: Their casues, Prevention and care /
_cFrench F.G.
_hTextual Documents
260 _aMumbai :
_bOxford & IBH Book Company ,
_c1961.
300 _a131 ; .
504 _a
942 _cBK
999 _c12397
_d12397